02387nam a22002537a 450000500170000000800410001702000180005804000090007604100080008508200220009310000280011524500270014326000400017030000260021036500560023652015190029265000270181165000250183865000420186365000250190594200120193099900190194295201720196120251206102755.0220824b ||||| |||| 00| 0 eng d a9788125056805 cAloy aeng 223a820.301bBALA aChandrika Balan9248102 aArya and other stories aHyderabadbOriental Blackswanc2014 axvi,128pbPBc21x14cm 2Englisha3496b542.00c₹d695.00e22%f09-08-2022 aShe is from a village. She is angry at her conservative mother. She is a flawed activist. She is being judged. She makes compromises. She cannot die, even if she wills it. She chooses to command. Her children want to do away with her. She looks for friendships online. She craves for fame. She musters the courage to pursue her lover. What binds her through all these is her strength; she is indomitable. Arya and Other Stories is a collection of twelve short stories by Chandrika Balan, known in the Malayalam literary world as Chandramati. Balan brings to the reader a glimpse into the world of the woman in a village where feminism has reached. Here men know what feminism is, women know they can be independent; and, children know that their mother is not a caring-bearing machine. Balan’s exploration is into the kind of questions a woman here goes through. Employing different writing styles realism, magic realism and postmodernism - Balan weaves a sensitive fabric that is a study of the contemporary woman. Accompanied by K. Satchidanandan’s scholarly introduction that traces women’s writing tradition in Kerala, this collection of poignant and incisive short stories is bound to interest every reader of fiction and translation Table of Contents Devigramam Arya Bonsai The People’s Court The (Postmodern) Story of Jyoti Viswanath The Fifth One An Optical Illusion The Story of a Poem A Companion for the Twilight Hour Website Sponsors Please The Relevance of Graham Greene in the Life of a Bride aEnglish Fiction955318 aEnglish Novel955319 aMalayalam Story Tr in English955357 aShort Stories955320 2ddccBK c224470d224470 00102ddc40708ENGaALbALd2022-08-11eBiblios Book Point, Surathkal, Mangalore-575014g542.00l0o820.301 BALAp075956r2022-08-24 00:00:00v695.00w2022-08-24yBK